| 000 | 01634nam a22003377a 4500 | ||
|---|---|---|---|
| 005 | 20240530110441.0 | ||
| 008 | 150420s2011 ua a g b 000 0 ara d | ||
| 017 |
_a2011/17340 _bمصر . دار الكتب المصرية |
||
| 020 | _a9789777163354 | ||
| 040 | _aEG-CaGPL | ||
| 082 | 0 | 4 |
_221 _a378\ _bا ت |
| 100 | 0 | _aاحمد اسماعيل حجى. | |
| 245 | 1 | 2 |
_aالتعليم العالى و الجامعى المقارن حول العالم جامعات المستقبل و استراتيجيات التطوير نحو مجتمع المعرفة / _cتاليف احمد اسماعيل حجى ، لبنى محمود عبدالكريم ؛ تحرير احمد اسماعيل حجى . |
| 250 | _aط1. | ||
| 260 |
_aالقاهرة : _bعالم الكتب ، _c2011. |
||
| 300 |
_a960 ص ؛ _c24 سم. |
||
| 504 | _aيشتمل على ارجاعات ببليوجرافية | ||
| 650 | 0 | 4 | _aالتعليم العالى |
| 650 | 0 | 4 |
_aالتعليم الجامعى _xتطوير _zامريكا الشمالية |
| 650 | 0 | 4 |
_aالتعليم الجامعى _zالولايات المتحدة الامريكية |
| 650 | 0 | 4 |
_aالتعليم الجامعى _zكندا |
| 650 | 0 | 4 |
_aالتعليم العالى _zمصر |
| 650 | 0 | 4 |
_aالتعليم العالى _zافريقيا. |
| 650 | 0 | 4 | _aالتعليم المقارن |
| 650 | 0 | 4 | _aالتعليم الجامعى |
| 650 | 0 | 4 |
_aالتعليم الجامعى _xضبط الجودة. |
| 700 | 0 |
_aلبنى محمود شهاب _eمؤلف مشارك |
|
| 700 | 0 |
_aاحمد اسماعيل حجى _eمحرر |
|
| 942 |
_2ddc _cBK |
||
| 999 |
_c61055 _d61055 |
||